| 000 | 00771nam a2200193Ia 4500 | ||
|---|---|---|---|
| 008 | 0000001990 fr a 0000000000fre00 | ||
| 090 | _aPSP00 M67m | ||
| 100 | 1 |
_aMoreno, María _d1933 |
|
| 245 | 1 | 0 |
_aMaría Moreno _b: peintures et dessins |
| 300 |
_a[52] p. _c/ 22 cm. |
||
| 500 | _aExposición realizada en Galerie Claude Bernard, Paris, Marzo 30 Abril 28, 1990 \ Texto bilingue : francés español \ Con el patronazgo del maestro venezolano Jesús Rafael Soto (q.e.p.d.) | ||
| 600 | 0 | 0 |
_aMORENO, MARIA, 1933 / _xTRABAJOS PICTORICOS |
| 650 | 1 | 4 | _aARTE CONTEMPORANEO ESPAÑOL |
| 650 | 1 | 4 | _xCATALOGOS |
| 650 | 1 | 4 | _xEXPOSICIONES |
| 650 | 1 | 4 | _aPINTORES ESPAÑOLES |
| 650 | 1 | 4 | _aPINTURA ESPAÑOLA |
| 999 |
_c4932 _d4932 |
||
| 260 |
_aParís : Galerie Claude Bernard _c1990 |
||